Coscine di pollo /

Na minha lista:
Detalhes bibliográficos
Autor principal: Robbins, Tom, (1932-2025) (Author)
Formato: Livro
Idioma:Língua italiana
Publicado em: Milano : Baldini e Castoldi, 1998
Colecção:I nani ; 40
Tags: Adicionar Tag
Sem tags, seja o primeiro a adicionar uma tag!

MARC

LEADER 00000nam a22000007i 4500
001 IT\ICCU\UM1\0029650
003 ItRI
005 20260115231938.0
008 980223s1998 it |||||| ||||| |||||c
020 |a 8880894145 
040 |b ita  |c importazione bologna sebina 
041 7 |a ita  |2 ISO-639-2 
100 1 |a Robbins, Tom,  |d  (1932-2025)  |0 IT\ICCU\CFIV\066102  |4 aut 
240 1 0 |a Skinny legs and all. -  |3 IT\ICCU\RAV\0188020  |9 Robbins, Tom <1932-2025> 
245 1 0 |a Coscine di pollo /  |c Tom Robbins. 
260 |a Milano :  |b Baldini e Castoldi,  |c 1998 
300 |a 501 p. ;  |c 21 cm.  
500 |a Trad. di B. Draghi 
790 1 |a Robbins, Thomas E.  |3 IT\ICCU\SBNV\029683  |z Robbins, Tom (1932-2025) 
790 1 |a Robbins, Thomas Eugene  |3 IT\ICCU\SBNV\029684  |z Robbins, Tom (1932-2025) 
830 2 |a I nani ;  |v 40  |0 IT\ICCU\RAV\0289775 
942 |2 ddc  |c BK  |n 0 
952 |0 0  |1 0  |4 0  |6 DOC_813_540000000000000_ROB  |7 0  |9 17433  |a BO  |b BO  |d 2026-01-15  |i 12792  |l 0  |o DOC 813.54 ROB  |p BO12792  |r 2026-01-15 23:19:38  |w 2026-01-15  |x [Sebina 5] [1 v.]  |y BK  |z 1 v. 
999 |c 14871  |d 14871